| 000 | 00729nam a2200181 a 4500 | ||
|---|---|---|---|
| 008 | 120416s1998 ||||||||||||||||| || u | ||
| 020 | _a0790611562 | ||
| 050 | _aTK 5105 CAR | ||
| 100 | _aCar, J. Joseph | ||
| 245 | 1 | 0 | _aCommunication electronics for technicians : a complete reference and study guide for the CET communications option examination |
| 260 |
_aIndianapolis _bPrompt Publications _c1998 |
||
| 300 | _axviii, 311 p. : ill. | ||
| 350 | _a0.00 | ||
| 650 | _aELECTRONIC TECHNICIANS--CERTIFICATION | ||
| 650 | _aELECTRONICS--EXAMINATIONS--STUDY GUIDES | ||
| 650 | _aCOMMUNICATION | ||
| 995 |
_D0.00 _FCBU-MAIN LIBRARY (Kitwe) _H1 _I29.95 _M1 _UREFERENCE _ZReference Collection |
||
| 999 |
_c37917 _d37917 |
||